00459nas a2200205 4500000000100000008004100001260001700042653001000059653002800069653001000097653001100107653001200118653001600130100001300146700001100159245005200170300001000222490000700232022001400239 1983 d c1983 Apr-Jun10aAdult10aCardiovascular Diseases10aHeart10aHumans10aleprosy10aMiddle Aged1 aKatoch K1 aRamu G00aCardiovascular involvement in leprosy patients. a73-810 v52 a0386-3980